LDR 00831naa#a2200181#i#450# 001 EN\\bibl\123405 005 20260705235834.7 011 ## _a1994-4683 100 ## _a20230731b2023####ek#y0engy0150####ca 102 ## _aRU 200 1# _aSPECIAL INDICATORS FOR ASSESSING THE LEVEL OF INDIVIDUAL TECHNICAL READINESS OF UNDERGRADUATE STUDENTS OF THE RUSSIAN STATE UNIVERSITY OF PHYSICAL EDUCATION, SPORT, YOUTH AND TOURISM STUDYING THE DISCIPLINE "THEORY AND METHODOLOGY OF KARATE" _eJournal article 210 1# _aMoscow _cNational State University of Physical Education, Sports and Health named after P.F. Lesgaft _d2023 215 ## _a5 с. 608 ## _aJournal article _2local 675 ## _aМетоды обучения. Формы преподавания. 378.147 _z 700 #1 _aOrlov _gYuri Leonidovich 700 #1 _a _g 856 4# _auchzapiski.lesgaft.spb.ru _u